10 States with the Worst Gun Violence - Statistics

General Stats
  • This quiz has been taken 95 times
  • The average score is 7 of 10
Answer Stats
Rate State % Correct
16.8 Alabama
82%
18.3 Mississippi
78%
19.3 Louisiana
73%
15.9 South Carolina
69%
16.7 Arkansas
67%
16.3 New Mexico
67%
19.7 Alaska
65%
15.8 Oklahoma
60%
16.8 Montana
45%
15.9 Wyoming
43%
No matching quizzes found
Score Distribution
Percent of People with Each Score
Percentile by Number Answered
Your Score History
You have not taken this quiz